000 01078nam a22003017a 4500
001 423
003 FISKH
005 20250827090131.0
008 230412b cb ||||| |||| 00| 0 eng d
040 _aDLC
_cDLC
_dDLC
_dFISKH
_beng
042 _alcac
050 0 0 _aPZ7.C8358
_bMam 1993
082 0 0 _a362.4
_220
100 2 _aCowen-Fletcher, Jane.
245 1 0 _aMama zooms /
_cwritten and illustrated by Jane Cowen-Fletcher.
260 _aNew York :
_bScholastic.
_c1993.
300 _a16 leaves of plates :
_bcol. ill. ;
_c27 cm.
505 _aF
520 _aA boy's wonderful mama takes him zooming everywhere with her, because her wheelchair is a zooming machine.
521 8 _a440
_bLexile AD
521 8 _aF
_bRaz-Plus
650 1 _aWheelchairs
_xFiction.
650 1 _aPeople with disabilities
_vFiction.
650 1 _aMothers and sons
_xFiction.
906 _a7
_bcbc
_corignew
_d1
_eocip
_f19
_gy-gencatlg
942 _2ddc
_cBK
_n0
999 _c423
_d423